Nazariy-E-Ishterakiyat (Record no. 3549)

MARC details
000 -LEADER
fixed length control field 00621nam a2200241 a 4500
020 ## - INTERNATIONAL STANDARD BOOK NUMBER
ISBN
082 00 - DEWEY DECIMAL CLASSIFICATION NUMBER
Classification number 335.40297
Author Cutter NAD
100 ## - MAIN ENTRY--AUTHOR NAME
Author name Nadvi, M Shahabuddin
245 ## - TITLE STATEMENT
Title Nazariy-E-Ishterakiyat
Sub title Ek Qurani Tamseel Ka Jaiza
260 ## - PUBLICATION, DISTRIBUTION, ETC. (IMPRINT)
Place of publication Bangalore
Name of publisher Furqania Academy Trust
Year of publication 1970
300 ## - PHYSICAL DESCRIPTION
Number of Pages 24p
500 ## - GENERAL NOTE
General note includes index and biblioraphy
505 2# - FORMATTED CONTENTS NOTE
Formatted contents note Index
650 ## - SUBJECT ADDED ENTRY--TOPICAL TERM
Topical Term Communism and Quran
942 ## - ADDED ENTRY ELEMENTS (KOHA)
Koha item type Books
700 1# -
-- Nadvi, M Shahabuddin
Holdings
Collection code Home library Current library Date acquired Cost, normal purchase price Full call number Accession Number Koha item type
  Henry Martyn Institute Library Henry Martyn Institute Library 05/01/2007 0.40 335.40297 NAD 05945 Books
                   Copyright © 2026 | Henry Martyn Institute | Hyderabad | TS-500052 | INDIA | Implemented by hmi.edu.in
Hit-Count:

Powered by Koha